00348nam a2200145Ia 4500008004100000020001500041041001200056082001600068100001500084245003300099260003600132300000800168650001400176700001200190221030s9999 xx 000 0 und d a8178840022 aEnglish a105.23bJai aV. K. Jain 0aAdvanced Programming In JAVA bCyber Tech PubaNew Delhic2001 a844 aComputers aHemlata